header

Pythagoras and the doctrine of transmigration (Record no. 111232)

MARC details
000 -LEADER
fixed length control field 02092nam a2200373 a 4500
082 04 - DEWEY DECIMAL CLASSIFICATION NUMBER
Classification number 182/.2
100 1# - MAIN ENTRY--AUTHOR NAME
Personal name Luchte, James.
245 10 - TITLE STATEMENT
Title Pythagoras and the doctrine of transmigration
260 ## - PUBLICATION, DISTRIBUTION, ETC. (IMPRINT)
Place of publication London ;
-- New York :
Name of publisher Continuum,
Year of publication c2009.
300 ## - PHYSICAL DESCRIPTION
Number of Pages 206 p.
490 1# - SERIES STATEMENT
Series statement Continuum studies in ancient philosophy
505 0# - FORMATTED CONTENTS NOTE
Formatted contents note Introduction : the poetic topos of the doctrine of transmigration -- Genealogy of the doctrine of transmigration -- Beyond mysticism and science : symbolism and philosophical magic -- The emergence of mystic cults and the immortal soul -- Philolaus and the question of pythagorean harmony -- The alleged critique of Pythagoras by Parmenides -- Between the earth and the sky : on the pythagorean divine -- The pythagorean bios and the doctrine of transmigration -- The path of the event -- The path of remembrance or return -- The platonic rupture : writing and difference -- Plotinus : the ascent of the soul toward the one -- Plotinus as neoplatonic mystic : letter to Flaccus -- Epilogue : the fate of the doctrine of transmigration.
650 #0 - SUBJECT ADDED ENTRY--TOPICAL TERM
Topical Term Transmigration.
856 40 - ELECTRONIC LOCATION AND ACCESS
Uniform Resource Identifier http://site.ebrary.com/lib/rucke/Doc?id=10364035

No items available.

© 2026 Rongo University
Contact us: librarian | system librarian | Rongo university